[Event "BCF-chT3 1213 (4NCL)"]
[Site "England"]
[Date "2013.03.24"]
[Round "8.198"]
[White "Campbell, Mark C"]
[Black "Blake, Morgan"]
[Result "0-1"]
[WhiteElo "1996"]
[BlackElo "1649"]
[PlyCount "76"]
[EventDate "2012.11.03"]
[EventType "team-swiss"]
[EventRounds "11"]
[EventCountry "ENG"]
[SourceTitle "EXT 2014"]
[Source "ChessBase"]
[SourceDate "2013.11.20"]
[SourceVersion "1"]
[SourceVersionDate "2013.11.20"]
[SourceQuality "1"]
[WhiteTeam "Cambridge III"]
[BlackTeam "Sussex Smart Survivors II"]
[WhiteTeamCountry "ENG"]
[BlackTeamCountry "ENG"]

1. e4 e6 2. d4 d5 3. e5 c5 4. c3 Nc6 5. Nf3 Bd7 6. Be2 f6 7. exf6 Nxf6 8. Bf4 Be7 9. h3 0-0 10. 0-0 Ne4 11. Bh2 Be8 12. Ne5 cxd4 13. Nxc6 bxc6 14. cxd4 c5 15. Be5 Bf6 16. Nc3 Bxe5 17. dxe5 Nxc3 18. bxc3 Qg5 19. Bg4 Bd7 20. Qe2 a6 21. Rfe1 g6 22. Qe3 Qxe3 23. Rxe3 Rab8 24. Re2 Rf4 25. g3 Rc4 26. Rc1 Kf7 27. Rcc2 Rb1+ 28. Kg2 Bc6 29. Bf3 h5 30. g4 hxg4 31. hxg4 Bb5 32. Red2 Rf4 33. Kg3 g5 34. Bxd5 exd5 35. Rxd5 Rg1+ 36. Kh2 Rfxg4 37. f3 R4g3 38. Rxc5 Bf1 0-1

[Event "Brighton e2e4 Challengers"]
[Site "Brighton"]
[Date "2013.02.20"]
[Round "9"]
[White "Young, Melvyn Jack"]
[Black "Blake, Morgan"]
[Result "1/2-1/2"]
[WhiteElo "1912"]
[BlackElo "1611"]
[PlyCount "20"]
[EventDate "2013.02.16"]
[EventType "swiss"]
[EventRounds "9"]
[EventCountry "ENG"]
[SourceTitle "EXT 2014"]
[Source "ChessBase"]
[SourceDate "2013.11.20"]
[SourceVersion "1"]
[SourceVersionDate "2013.11.20"]
[SourceQuality "1"]

1. e4 e6 2. Nf3 d5 3. Nc3 Nf6 4. e5 Nfd7 5. d4 a6 6. Bd3 c5 7. dxc5 Nxc5 8. 0-0 Nc6 9. a3 Qc7 10. Re1 Be7 1/2-1/2

[Event "Brighton e2e4 Challengers"]
[Site "Brighton"]
[Date "2013.02.18"]
[Round "5"]
[White "Blake, Morgan"]
[Black "Kalaiyalahan, Akshaya"]
[Result "1-0"]
[WhiteElo "1611"]
[BlackElo "1821"]
[PlyCount "83"]
[EventDate "2013.02.16"]
[EventType "swiss"]
[EventRounds "9"]
[EventCountry "ENG"]
[SourceTitle "EXT 2014"]
[Source "ChessBase"]
[SourceDate "2013.11.20"]
[SourceVersion "1"]
[SourceVersionDate "2013.11.20"]
[SourceQuality "1"]

1. e4 c5 2. Nc3 e6 3. f4 a6 4. Nf3 d5 5. d3 Nf6 6. g3 b5 7. exd5 exd5 8. Bg2 Bb7 9. 0-0 Be7 10. Nh4 Qd7 11. Nf3 0-0 12. d4 Ne4 13. Ne2 Nc6 14. Ne5 Qc7 15. c3 Rad8 16. Ng4 cxd4 17. Nxd4 Nxd4 18. cxd4 Nf6 19. f5 Qb6 20. Re1 Rfe8 21. Bg5 h6 22. Bxf6 Bxf6 23. Nxf6+ Qxf6 24. Qd3 Bc8 25. Rf1 Re7 26. Rac1 Bb7 27. Rfe1 Rde8 28. Kf2 Qg5 29. Rxe7 Qxe7 30. Bf3 Kh8 31. Qd2 Qf6 32. Qd3 Bc8 33. Re1 Rxe1 34. Kxe1 Bxf5 35. Qe3 Be6 36. Kd2 Kg8 37. Be2 Kh8 38. h4 Qd8 39. Qc3 Qf6 40. Qe3 Qd8 41. Qc3 Kg8 42. a3 1-0

[Event "Brighton e2e4 Challengers"]
[Site "Brighton"]
[Date "2013.02.18"]
[Round "4"]
[White "Millward, Kevin P"]
[Black "Blake, Morgan"]
[Result "1-0"]
[WhiteElo "1962"]
[BlackElo "1611"]
[PlyCount "113"]
[EventDate "2013.02.16"]
[EventType "swiss"]
[EventRounds "9"]
[EventCountry "ENG"]
[SourceTitle "EXT 2014"]
[Source "ChessBase"]
[SourceDate "2013.11.20"]
[SourceVersion "1"]
[SourceVersionDate "2013.11.20"]
[SourceQuality "1"]

1. g3 d5 2. Bg2 Nf6 3. c4 e6 4. Nf3 c5 5. 0-0 Nc6 6. e3 e5 7. d4 e4 8. Ne5 Bd6 9. cxd5 Nxe5 10. dxe5 Bxe5 11. Bxe4 Bh3 12. Re1 Qd7 13. Bh1 h5 14. f4 Bc7 15. e4 0-0-0 16. e5 Nxd5 17. Qxd5 Qxd5 18. Bxd5 Rxd5 19. Nc3 Rd3 20. Be3 h4 21. Kf2 hxg3+ 22. hxg3 Bd7 23. Rh1 Rg8 24. Ke2 c4 25. Kf2 Bc6 26. Rh7 Ba5 27. Rc1 Bxc3 28. Rxc3 Rxc3 29. bxc3 Be4 30. Rh4 Kc7 31. Bc5 Kd7 32. Ke3 Bd3 33. g4 b6 34. Bd6 g6 35. Kd4 Ke6 36. Rh6 Kd7 37. Kd5 Rg7 38. Rh8 Be2 39. Bf8 Bxg4 40. Bxg7 Be6+ 41. Kd4 Kc6 42. Bf8 Kb5 43. Rh1 Ka6 44. Rb1 Ka5 45. Bb4+ Kb5 46. a4+ Kc6 47. a5 b5 48. a6 Kb6 49. Ra1 Bf5 50. Bc5+ Kc6 51. Bxa7 Bc2 52. Bc5 Ba4 53. Ra3 Kc7 54. Kd5 Kb8 55. Kd6 b4 56. Bxb4 Bb3 57. a7+ 1-0

[Event "BCF-chT3 1112 (4NCL)"]
[Site "England"]
[Date "2012.03.31"]
[Round "7.46"]
[White "Blake, Morgan"]
[Black "Cook, Michael P"]
[Result "1/2-1/2"]
[WhiteElo "1544"]
[BlackElo "2039"]
[PlyCount "77"]
[EventDate "2011.11.12"]
[EventType "team-swiss"]
[EventRounds "11"]
[EventCountry "ENG"]
[SourceTitle "EXT 2013"]
[Source "ChessBase"]
[SourceDate "2012.11.22"]
[SourceVersion "1"]
[SourceVersionDate "2012.11.22"]
[SourceQuality "1"]
[WhiteTeam "Sussex Smart Survivors"]
[BlackTeam "Anglian Avengers II"]
[WhiteTeamCountry "ENG"]
[BlackTeamCountry "ENG"]

1. e4 e5 2. Nf3 Nc6 3. Bb5 Nf6 4. 0-0 Bc5 5. c3 0-0 6. d4 Bb6 7. Bg5 h6 8. Bh4 d6 9. h3 Qe7 10. d5 Nb8 11. Nbd2 c6 12. Bxf6 Qxf6 13. Bc4 Nd7 14. a4 a5 15. b4 g5 16. Nb3 Rd8 17. Nh2 Qg6 18. Qf3 Nf6 19. Rfe1 cxd5 20. Bxd5 Nxd5 21. exd5 f5 22. Reb1 axb4 23. cxb4 Bd7 24. a5 Ba7 25. Nf1 f4 26. Nfd2 Bf5 27. Rc1 Rdc8 28. b5 e4 29. Qe2 e3 30. Rxc8+ Rxc8 31. b6 Bxb6 32. axb6 exd2 33. Qxd2 Qf7 34. f3 Rc2 35. Ra8+ Kh7 36. Qd4 Qg7 37. Qxg7+ Kxg7 38. Nd4 Rc1+ 39. Kh2 1/2-1/2

[Event "Brighton e2e4 Major-A"]
[Site "Brighton"]
[Date "2012.02.18"]
[Round "7"]
[White "David, Ivan"]
[Black "Blake, Morgan"]
[Result "1/2-1/2"]
[WhiteElo "1793"]
[BlackElo "1483"]
[PlyCount "80"]
[EventDate "2012.02.15"]
[EventType "swiss"]
[EventRounds "9"]
[EventCountry "ENG"]
[SourceTitle "EXT 2014"]
[Source "ChessBase"]
[SourceDate "2013.11.20"]
[SourceVersion "1"]
[SourceVersionDate "2013.11.20"]
[SourceQuality "1"]

1. c4 Nf6 2. g3 g6 3. Bg2 d5 4. Nf3 Bg7 5. cxd5 Nxd5 6. 0-0 0-0 7. Nc3 Nc6 8. Qb3 Nb6 9. d3 Be6 10. Qd1 Qd7 11. Re1 Bh3 12. Bh1 Rad8 13. Be3 h6 14. Qd2 Kh7 15. Rab1 Be6 16. b3 Nd5 17. Nxd5 Bxd5 18. Red1 e5 19. Bc5 Rfe8 20. e3 b6 21. Ba3 Ne7 22. Bb2 Nc8 23. Qc2 c5 24. e4 Bb7 25. Bg2 f6 26. a3 Nd6 27. Rbc1 Rc8 28. Qb1 Nb5 29. Rd2 Rc6 30. b4 Nd4 31. Bxd4 cxd4 32. Rxc6 Bxc6 33. Rc2 Ba4 34. Rc4 Bb5 35. Rc1 Rc8 36. Bf1 Rc7 37. Nd2 Qc8 38. Rxc7 Qxc7 39. Nc4 Bf8 40. Qb3 Bxc4 1/2-1/2

[Event "BCF-chT3 1011 (4NCL)"]
[Site "England"]
[Date "2011.03.27"]
[Round "8.38"]
[White "Blake, Morgan"]
[Black "Taylor, Geoffrey P"]
[Result "0-1"]
[WhiteElo "1618"]
[BlackElo "1950"]
[PlyCount "86"]
[EventDate "2010.11.06"]
[EventType "team-swiss"]
[EventRounds "9"]
[EventCountry "ENG"]
[SourceTitle "EXT 2012"]
[Source "ChessBase"]
[SourceDate "2011.11.24"]
[SourceVersion "1"]
[SourceVersionDate "2011.11.24"]
[SourceQuality "1"]
[WhiteTeam "Sussex Smart Controls"]
[BlackTeam "Gloucestershire Gambits"]
[WhiteTeamCountry "ENG"]
[BlackTeamCountry "ENG"]

1. d4 d5 2. c4 e6 3. Nc3 Nf6 4. cxd5 exd5 5. Bg5 Be7 6. e3 0-0 7. Bd3 Nbd7 8. Nf3 Re8 9. Qc2 Nf8 10. 0-0 c6 11. a3 a5 12. Na4 N6d7 13. Bf4 Ng6 14. Bg3 Nf6 15. Bxg6 hxg6 16. Nc3 Bf5 17. Qb3 Bd3 18. Rfe1 Ba6 19. Rac1 Nh5 20. Na4 Nxg3 21. hxg3 Bb5 22. Nc5 a4 23. Qd1 Qc8 24. Nd3 Bd8 25. Nfe5 Ba5 26. Re2 f6 27. Nxg6 Qf5 28. Ngf4 g5 29. g4 Qh7 30. Nh5 Qxd3 31. Nxf6+ Kf7 32. Nxe8 Qxd1+ 33. Rxd1 Bxe2 34. Nd6+ Ke6 35. Rc1 Kxd6 36. f3 Bd2 37. Rc2 Bxe3+ 38. Kh2 Rh8+ 39. Kg3 Bd3 40. Rc3 Bf4+ 41. Kf2 Bc4 42. g3 Rh2+ 43. Kg1 Bxg3 0-1